00472 a2200169 450000100060000008200150000609000170002110000250003824500250006325000060008826000370009430000140013150000170014594200250016299900190018795200960020692073 a297.18 NAQ c44033d44032 aUmm e Danyal Naqqash aKahanian He Kahanian a1 aLahorebZam Zam Publishersc2006 a150p.bHb aGeneral Book aCAE NUSTk297.18 NAQ c327146d327146 001040708NFICaCAEbCAEd2017-04-03l0o297.18 NAQpCAE88460r2017-04-05w2017-04-05yBK